1742 1956 1901 1983 1639 1244 1274 1258 1213 1828 1239 1054 1729 1554 1402 1578 1989 1488 1834 1254 1456 1430 1919 1986 1800 1665 1474 1156 1872 1789 1805 1416 1900 1683 1375 1205 1435 1561 1324 1484 1360 1162 1869 1036 1030 1012 1191 1629 1332 1825 1248 1538 1667 1036 1645 1114 1670 1840 1596 1277 1701 1462 1719 1985 1403 1758 1840 1334 1394 1497 1891 1044 1889 1098 1760 1110 1666 1353 1663 1435 1146 1717 1489 1493 1422 1923 1602 1874 1851 1975 1348 1070 1657 1398 1761 1385 1026 1893 1152 BCNSPRNW ULIB Ver.6.0+V

เปลี่ยนเป็นภาษาไทย

Change to English
 แสดงรายละเอียดบรรณานุกรม
  กลับหน้าหลัก

Brief Record : Get Marc (ISO 2709) : E-mail record : QR code < ปิดหน้าต่าง
LEADER : 00000nas 2200000uu 4500
001    13399125082
003     ULIB
008    160620s2557||||th 000 0 tha d
110 1  สมาคมปราบวัณโรคแห่งประเทศไทย ในพระบรมราชูปถัมภ์
245 00 วารสารวัณโรค โรคทรวงอกและเวชบำบัดวิกฤต
246 0  Thai Journal of Tuberculosis chest diseases and critical care
310    ^aรายสามเดือน
850 ^a ULIB^bปีที่ 35 ฉบับที่ 4 ฉ.1
945    ^p0^l0^i903882
999    ^aเกษร โพธิ์สุวรรณ
รายการนี้ยังไม่มีแท็ก
คุณยังไม่ได้ล็อกอิน คุณสามารถมีกิจกรรมร่วมกับเว็บไซต์ได้ แต่ต้องล็อกอินก่อน ::
  ล็อกอิน

รายการสื่อสารสนเทศ (วารสาร)

ดูแบบ: กล่อง รายการ
ARRIVED
ปีที่ 35 ฉบับที่ 4 ฉ.1
สถานที่: ห้องสมุดวิทยาเขตสวรรค์ประชารักษ์ >หนังสือพิมพ์

BibComment


ยังไม่เคยถูกคอมเมนท์

คอมเมนท์ทรัพยากรรายการนี้
  คอมเมนท์: วารสารวัณโรค โรคท..


 Copyright 2026. Bcnsprnw @Library